Traveling Through the Fewest Countries #2 - Statistics

General Stats
  • This quiz has been taken 42 times
    40 since last reset
  • The average score is 35 of 50
Answer Stats
Hint Answer % Correct
Vietnam
91%
China
89%
Croatia
89%
Russia
89%
Bucharest to Ho Chi Minh City Ukraine
89%
Oslo to Zagreb Russia
86%
Belgrade to Dubai Bulgaria
83%
Poland
83%
Saudi Arabia
83%
Turkey
83%
Iraq
80%
United Arab Emirates
80%
Ethiopia
77%
Nigeria
77%
Ukraine
77%
Lima to Warsaw Brazil
74%
El Salvador
74%
Hungary
74%
Riyadh to Addis Ababa Jordan
74%
Egypt
71%
Israel
71%
Mexico
71%
Panama
71%
Santiago to Panama City Peru
71%
Sudan
71%
Toronto to San Salvador United States
71%
Colombia
69%
France
69%
Germany
69%
Copenhagen to Tripoli Germany
69%
Guatemala
69%
Dakar to Lagos Mali
69%
Somalia
69%
Abuja to Mogadishu Chad
63%
Libya
63%
Niger
63%
Sudan
63%
Algeria
60%
Ethiopia
60%
France
60%
Morocco
60%
Spain
60%
Indonesia
57%
Botswana
54%
Dem. Rep. Congo
54%
Zambia
54%
Malaysia
51%
Delhi to Jakarta Myanmar
51%
Thailand
51%
N'Djamena to Gaborone Central African Republic
46%
No matching quizzes found
Score Distribution
Percent of People with Each Score
Percentile by Number Answered
Your Score History
You have not taken this quiz since the last reset